[Event "April 9 Late 2024"]
[Site "Chess.com"]
[Date "2024.04.09"]
[Round "1"]
[White "Blanco Diez, David"]
[Black "Mahdavi, Reza"]
[Result "0-1"]
[Board "49"]
[WhiteFideId "32032927"]
[BlackFideId "12595926"]
[WhiteTitle "FM"]
[BlackTitle "FM"]
[WhiteElo "2470"]
[BlackElo "2886"]
[WhiteTeam "ESP"]
[BlackTeam "IRI"]
[WhiteClock "0:00:01"]
[BlackClock "0:01:23"]
[Variant "Standard"]

1. d4 {[%clk 0:03:00]}  d5 {[%clk 0:02:55]} 2. Nc3 {[%clk 0:03:00]}  Nf6 {[%clk 0:02:55]} 3. Bg5 {[%clk 0:02:58]}  h6 {[%clk 0:02:47]} 4. Bxf6 {[%clk 0:02:58]}  exf6 {[%clk 0:02:47]} 5. e3 {[%clk 0:02:55]}  c6 {[%clk 0:02:48]} 6. Bd3 {[%clk 0:02:50]}  Nd7 {[%clk 0:02:49]} 7. Qf3 {[%clk 0:02:45]}  g6 {[%clk 0:02:46]} 8. h3 {[%clk 0:02:34]}  h5 {[%clk 0:02:46]} 9. Nge2 {[%clk 0:02:33]}  Be7 {[%clk 0:02:40]} 10. O-O-O {[%clk 0:02:34]}  Nb6 {[%clk 0:02:38]} 11. g4 {[%clk 0:02:32]}  Qc7 {[%clk 0:02:10]} 12. Nf4 {[%clk 0:02:09]}  h4 {[%clk 0:02:10]} 13. e4 {[%clk 0:01:46]}  Bd6 {[%clk 0:02:09]} 14. e5 {[%clk 0:01:33]}  fxe5 {[%clk 0:01:43]} 15. dxe5 {[%clk 0:01:27]}  Bxe5 {[%clk 0:01:44]} 16. Rhe1 {[%clk 0:01:25]}  O-O {[%clk 0:01:45]} 17. Ng2 {[%clk 0:01:03]}  Bd7 {[%clk 0:01:45]} 18. Nxh4 {[%clk 0:01:01]}  Rae8 {[%clk 0:01:45]} 19. Rg1 {[%clk 0:00:38]}  Qd6 {[%clk 0:01:44]} 20. Nf5 {[%clk 0:00:37]}  Qb4 {[%clk 0:01:44]} 21. Qg2 {[%clk 0:00:15]}  Bxc3 {[%clk 0:01:39]} 22. bxc3 {[%clk 0:00:16]}  Qa3+ {[%clk 0:01:37]} 23. Kd2 {[%clk 0:00:07]}  Na4 {[%clk 0:01:36]} 24. Rb1 {[%clk 0:00:05]}  Qxc3+ {[%clk 0:01:36]} 25. Kd1 {[%clk 0:00:02]}  Nb2+ {[%clk 0:01:37]} 26. Rxb2 {[%clk 0:00:03]}  Qxb2 {[%clk 0:01:37]} 27. g5 {[%clk 0:00:01]}  Bxf5 {[%clk 0:01:37]} 28. Bxf5 {[%clk 0:00:02]}  gxf5 {[%clk 0:01:38]} 29. g6 {[%clk 0:00:02]}  f6 {[%clk 0:01:22]} 30. g7 {[%clk 0:00:02]}  Rf7 {[%clk 0:01:23]} 31. Qg6 {[%clk 0:00:02]}  Rfe7 {[%clk 0:01:23]} 32. Qh5 {[%clk 0:00:02]}  Qd4+ {[%clk 0:01:20]} 33. Kc1 {[%clk 0:00:02]}  Re1+ {[%clk 0:01:21]} 34. Rxe1 {[%clk 0:00:01]}  Rxe1+ {[%clk 0:01:22]} 35. Qd1 {[%clk 0:00:01]}  Rxd1# {[%clk 0:01:23]} 0-1

[Event "April 9 Late 2024"]
[Site "Chess.com"]
[Date "2024.04.09"]
[Round "1"]
[White "Vakhlamov, Igor L."]
[Black "Rangel, Daniel"]
[Result "1-0"]
[Board "50"]
[WhiteFideId "24126748"]
[BlackFideId "2124475"]
[WhiteTitle "FM"]
[BlackTitle "FM"]
[WhiteElo "2883"]
[BlackElo "2469"]
[WhiteTeam "RUS"]
[BlackTeam "BRA"]
[WhiteClock "0:00:46"]
[BlackClock "0:00:13"]
[Variant "Standard"]

1. e4 {[%clk 0:02:59]}  c5 {[%clk 0:02:59]} 2. Nf3 {[%clk 0:03:00]}  g6 {[%clk 0:02:59]} 3. Nc3 {[%clk 0:03:00]}  Bg7 {[%clk 0:02:59]} 4. d4 {[%clk 0:03:00]}  cxd4 {[%clk 0:03:00]} 5. Nxd4 {[%clk 0:03:01]}  Nc6 {[%clk 0:03:01]} 6. Nxc6 {[%clk 0:03:02]}  bxc6 {[%clk 0:03:00]} 7. Bc4 {[%clk 0:03:02]}  Nf6 {[%clk 0:03:00]} 8. e5 {[%clk 0:03:03]}  Ng8 {[%clk 0:03:01]} 9. Qf3 {[%clk 0:03:03]}  f6 {[%clk 0:02:44]} 10. Be3 {[%clk 0:02:46]}  Nh6 {[%clk 0:02:40]} 11. exf6 {[%clk 0:02:44]}  exf6 {[%clk 0:02:36]} 12. O-O-O {[%clk 0:02:38]}  Nf7 {[%clk 0:02:19]} 13. Bc5 {[%clk 0:02:31]}  Ne5 {[%clk 0:02:13]} 14. Rhe1 {[%clk 0:02:29]}  d5 {[%clk 0:02:13]} 15. Nxd5 {[%clk 0:02:21]}  cxd5 {[%clk 0:02:14]} 16. Rxd5 {[%clk 0:02:20]}  Qc7 {[%clk 0:02:10]} 17. Rdxe5+ {[%clk 0:02:12]}  fxe5 {[%clk 0:02:10]} 18. Bb5+ {[%clk 0:02:11]}  Bd7 {[%clk 0:01:58]} 19. Qxa8+ {[%clk 0:02:07]}  Kf7 {[%clk 0:01:58]} 20. Bc4+ {[%clk 0:01:31]}  Kf6 {[%clk 0:01:25]} 21. Qd5 {[%clk 0:01:19]}  Bf5 {[%clk 0:01:17]} 22. Bd6 {[%clk 0:01:14]}  Qc8 {[%clk 0:01:07]} 23. Qxe5+ {[%clk 0:01:08]}  Kg5 {[%clk 0:01:06]} 24. Qf4+ {[%clk 0:01:07]}  Kh5 {[%clk 0:00:57]} 25. h3 {[%clk 0:00:52]}  g5 {[%clk 0:00:18]} 26. g4+ {[%clk 0:00:51]}  Kh6 {[%clk 0:00:17]} 27. Qxf5 {[%clk 0:00:45]}  Qxc4 {[%clk 0:00:15]} 28. Re6+ {[%clk 0:00:45]}  Qxe6 {[%clk 0:00:14]} 29. Qxe6+ {[%clk 0:00:46]}  Bf6 {[%clk 0:00:13]} 30. Qxf6# {[%clk 0:00:46]} 1-0

[Event "April 9 Late 2024"]
[Site "Chess.com"]
[Date "2024.04.09"]
[Round "1"]
[White "Senft, Sean"]
[Black "Holt, Conrad"]
[Result "0-1"]
[Board "53"]
[WhiteFideId "2044960"]
[BlackFideId "2034387"]
[BlackTitle "GM"]
[WhiteElo "2466"]
[BlackElo "2870"]
[WhiteTeam "USA"]
[BlackTeam "USA"]
[WhiteClock "0:01:58"]
[BlackClock "0:00:17"]
[Variant "Standard"]

1. d4 {[%clk 0:02:59]}  d5 {[%clk 0:00:52]} 2. c4 {[%clk 0:03:00]}  c6 {[%clk 0:00:48]} 3. Nc3 {[%clk 0:03:00]}  dxc4 {[%clk 0:00:48]} 4. e4 {[%clk 0:03:00]}  b5 {[%clk 0:00:48]} 5. a4 {[%clk 0:02:58]}  b4 {[%clk 0:00:49]} 6. Na2 {[%clk 0:02:57]}  e6 {[%clk 0:00:48]} 7. Bxc4 {[%clk 0:02:57]}  Nf6 {[%clk 0:00:48]} 8. f3 {[%clk 0:02:51]}  c5 {[%clk 0:00:42]} 9. Be3 {[%clk 0:02:48]}  cxd4 {[%clk 0:00:41]} 10. Qxd4 {[%clk 0:02:49]}  Qxd4 {[%clk 0:00:41]} 11. Bxd4 {[%clk 0:02:50]}  Nc6 {[%clk 0:00:41]} 12. Be3 {[%clk 0:02:43]}  Na5 {[%clk 0:00:38]} 13. Bb5+ {[%clk 0:02:42]}  Bd7 {[%clk 0:00:38]} 14. Bxd7+ {[%clk 0:02:36]}  Nxd7 {[%clk 0:00:38]} 15. Ne2 {[%clk 0:02:37]}  Nc4 {[%clk 0:00:35]} 16. Bc1 {[%clk 0:02:31]}  Nc5 {[%clk 0:00:28]} 17. O-O {[%clk 0:02:30]}  Nb3 {[%clk 0:00:20]} 18. Rb1 {[%clk 0:02:30]}  Ncd2 {[%clk 0:00:20]} 19. Bxd2 {[%clk 0:02:30]}  Nxd2 {[%clk 0:00:20]} 20. Rbc1 {[%clk 0:02:25]}  Nxf1 {[%clk 0:00:20]} 21. Kxf1 {[%clk 0:02:25]}  Bd6 {[%clk 0:00:20]} 22. Nd4 {[%clk 0:02:08]}  O-O {[%clk 0:00:18]} 23. Nb5 {[%clk 0:02:09]}  Be5 {[%clk 0:00:18]} 24. b3 {[%clk 0:02:06]}  a6 {[%clk 0:00:17]} 25. f4 {[%clk 0:01:58]}  Bxf4 {[%clk 0:00:17]} 0-1

[Event "April 9 Late 2024"]
[Site "Chess.com"]
[Date "2024.04.09"]
[Round "1"]
[White "Zierk, Steven"]
[Black "Smiech, Sara"]
[Result "1-0"]
[Board "54"]
[WhiteFideId "2034255"]
[BlackFideId "91102863"]
[WhiteTitle "GM"]
[WhiteElo "2865"]
[BlackElo "2466"]
[WhiteTeam "USA"]
[BlackTeam "POL"]
[WhiteClock "0:00:21"]
[BlackClock "0:00:04"]
[Variant "Standard"]

1. e4 {[%clk 0:03:00]}  c5 {[%clk 0:02:58]} 2. Nf3 {[%clk 0:03:00]}  g6 {[%clk 0:02:58]} 3. d4 {[%clk 0:02:59]}  cxd4 {[%clk 0:02:58]} 4. Nxd4 {[%clk 0:03:00]}  Nc6 {[%clk 0:02:58]} 5. c4 {[%clk 0:03:00]}  Nf6 {[%clk 0:02:57]} 6. Nc3 {[%clk 0:02:59]}  Nxd4 {[%clk 0:02:58]} 7. Qxd4 {[%clk 0:03:00]}  d6 {[%clk 0:02:58]} 8. Be3 {[%clk 0:03:00]}  Bg7 {[%clk 0:02:59]} 9. Be2 {[%clk 0:03:00]}  O-O {[%clk 0:02:59]} 10. Qd2 {[%clk 0:03:00]}  a5 {[%clk 0:03:00]} 11. O-O {[%clk 0:02:56]}  a4 {[%clk 0:03:00]} 12. f3 {[%clk 0:02:53]}  Qa5 {[%clk 0:02:58]} 13. Rfd1 {[%clk 0:02:35]}  Be6 {[%clk 0:02:47]} 14. Nd5 {[%clk 0:02:32]}  Bxd5 {[%clk 0:02:46]} 15. Qxa5 {[%clk 0:01:54]}  Rxa5 {[%clk 0:02:46]} 16. cxd5 {[%clk 0:01:53]}  Nd7 {[%clk 0:02:45]} 17. Rac1 {[%clk 0:01:46]}  Nc5 {[%clk 0:02:30]} 18. Rc2 {[%clk 0:01:45]}  Rc8 {[%clk 0:01:46]} 19. b4 {[%clk 0:01:26]}  axb3 {[%clk 0:01:46]} 20. axb3 {[%clk 0:01:26]}  Ra3 {[%clk 0:01:35]} 21. Rb1 {[%clk 0:01:26]}  Rca8 {[%clk 0:01:33]} 22. Bc4 {[%clk 0:01:07]}  Ra1 {[%clk 0:01:32]} 23. Rcc1 {[%clk 0:01:04]}  R1a3 {[%clk 0:01:03]} 24. Kf2 {[%clk 0:00:51]}  Ra2+ {[%clk 0:00:57]} 25. Kf1 {[%clk 0:00:51]}  R2a3 {[%clk 0:00:53]} 26. Rc2 {[%clk 0:00:45]}  Rb8 {[%clk 0:00:45]} 27. Bc1 {[%clk 0:00:43]}  Raa8 {[%clk 0:00:35]} 28. Bb5 {[%clk 0:00:39]}  Ra5 {[%clk 0:00:31]} 29. Be2 {[%clk 0:00:39]}  Ra1 {[%clk 0:00:16]} 30. Rxa1 {[%clk 0:00:38]}  Bxa1 {[%clk 0:00:17]} 31. b4 {[%clk 0:00:33]}  Nb3 {[%clk 0:00:17]} 32. Bg5 {[%clk 0:00:33]}  Nd4 {[%clk 0:00:16]} 33. Ra2 {[%clk 0:00:22]}  Bc3 {[%clk 0:00:14]} 34. Bxe7 {[%clk 0:00:21]}  Bxb4 {[%clk 0:00:14]} 35. Bf6 {[%clk 0:00:22]}  Nxe2 {[%clk 0:00:13]} 36. Kxe2 {[%clk 0:00:22]}  Bc5 {[%clk 0:00:13]} 37. Kd3 {[%clk 0:00:20]}  b5 {[%clk 0:00:13]} 38. Kc3 {[%clk 0:00:20]}  b4+ {[%clk 0:00:13]} 39. Kb3 {[%clk 0:00:21]}  h6 {[%clk 0:00:11]} 40. g4 {[%clk 0:00:20]}  g5 {[%clk 0:00:11]} 41. h4 {[%clk 0:00:20]}  gxh4 {[%clk 0:00:11]} 42. Bxh4 {[%clk 0:00:21]}  Kg7 {[%clk 0:00:11]} 43. f4 {[%clk 0:00:19]}  Kg6 {[%clk 0:00:11]} 44. e5 {[%clk 0:00:18]}  Re8 {[%clk 0:00:08]} 45. e6 {[%clk 0:00:19]}  fxe6 {[%clk 0:00:08]} 46. dxe6 {[%clk 0:00:20]}  h5 {[%clk 0:00:08]} 47. f5+ {[%clk 0:00:20]}  Kh6 {[%clk 0:00:08]} 48. g5+ {[%clk 0:00:20]}  Kh7 {[%clk 0:00:08]} 49. g6+ {[%clk 0:00:20]}  Kg7 {[%clk 0:00:08]} 50. Rg2 {[%clk 0:00:20]}  Ra8 {[%clk 0:00:07]} 51. f6+ {[%clk 0:00:20]}  Kh6 {[%clk 0:00:07]} 52. g7 {[%clk 0:00:20]}  Ra3+ {[%clk 0:00:07]} 53. Kc4 {[%clk 0:00:20]}  Rc3+ {[%clk 0:00:07]} 54. Kb5 {[%clk 0:00:20]}  b3 {[%clk 0:00:03]} 55. g8=Q {[%clk 0:00:21]}  b2 {[%clk 0:00:04]} 56. Qg7# {[%clk 0:00:21]} 1-0

[Event "April 9 Late 2024"]
[Site "Chess.com"]
[Date "2024.04.09"]
[Round "1"]
[White "Reprintsev, Alexander"]
[Black "Cieslak, Patryk"]
[Result "0-1"]
[Board "55"]
[WhiteFideId "14100541"]
[BlackFideId "21078882"]
[WhiteTitle "IM"]
[BlackTitle "FM"]
[WhiteElo "2463"]
[BlackElo "2865"]
[WhiteTeam "UKR"]
[BlackTeam "POL"]
[WhiteClock "0:00:40"]
[BlackClock "0:00:35"]
[Variant "Standard"]

1. e4 {[%clk 0:03:00]}  e6 {[%clk 0:03:00]} 2. d4 {[%clk 0:02:58]}  d5 {[%clk 0:03:01]} 3. Nc3 {[%clk 0:02:57]}  Nf6 {[%clk 0:03:01]} 4. Bg5 {[%clk 0:02:56]}  Bb4 {[%clk 0:03:01]} 5. e5 {[%clk 0:02:48]}  h6 {[%clk 0:03:01]} 6. exf6 {[%clk 0:02:48]}  hxg5 {[%clk 0:03:00]} 7. fxg7 {[%clk 0:02:47]}  Rg8 {[%clk 0:03:01]} 8. a3 {[%clk 0:02:44]}  Bxc3+ {[%clk 0:02:58]} 9. bxc3 {[%clk 0:02:44]}  Qf6 {[%clk 0:02:58]} 10. h4 {[%clk 0:02:32]}  gxh4 {[%clk 0:02:50]} 11. Qh5 {[%clk 0:02:32]}  Qxg7 {[%clk 0:02:46]} 12. Qxh4 {[%clk 0:02:29]}  Nc6 {[%clk 0:02:45]} 13. Bb5 {[%clk 0:02:28]}  Bd7 {[%clk 0:02:43]} 14. Ne2 {[%clk 0:02:24]}  a6 {[%clk 0:02:36]} 15. Bxc6 {[%clk 0:02:23]}  Bxc6 {[%clk 0:02:37]} 16. O-O-O {[%clk 0:02:22]}  Kd7 {[%clk 0:02:31]} 17. g3 {[%clk 0:02:14]}  Rh8 {[%clk 0:02:25]} 18. Qf4 {[%clk 0:02:13]}  Bb5 {[%clk 0:02:23]} 19. Rhe1 {[%clk 0:02:05]}  a5 {[%clk 0:02:14]} 20. Ng1 {[%clk 0:01:58]}  Qf8 {[%clk 0:02:13]} 21. Kb2 {[%clk 0:01:57]}  Ra6 {[%clk 0:02:12]} 22. Ra1 {[%clk 0:01:51]}  Rb6 {[%clk 0:02:08]} 23. Kc1 {[%clk 0:01:51]}  f6 {[%clk 0:02:01]} 24. Nf3 {[%clk 0:01:49]}  Rc6 {[%clk 0:02:01]} 25. Kd2 {[%clk 0:01:48]}  Kc8 {[%clk 0:01:45]} 26. a4 {[%clk 0:01:47]}  Ba6 {[%clk 0:01:36]} 27. Nh4 {[%clk 0:01:46]}  Rg8 {[%clk 0:01:18]} 28. Re3 {[%clk 0:01:43]}  Kb8 {[%clk 0:01:07]} 29. Rae1 {[%clk 0:01:28]}  Qa3 {[%clk 0:01:05]} 30. Qxf6 {[%clk 0:01:24]}  Rf8 {[%clk 0:01:03]} 31. Ra1 {[%clk 0:00:58]}  Qd6 {[%clk 0:00:41]} 32. Qe5 {[%clk 0:00:57]}  Rxf2+ {[%clk 0:00:41]} 33. Kc1 {[%clk 0:00:56]}  Qxe5 {[%clk 0:00:35]} 34. dxe5 {[%clk 0:00:50]}  Rf1+ {[%clk 0:00:35]} 35. Kb2 {[%clk 0:00:40]}  Rb6+ {[%clk 0:00:35]} 0-1

[Event "April 9 Late 2024"]
[Site "Chess.com"]
[Date "2024.04.09"]
[Round "1"]
[White "Galaktionov, Artem"]
[Black "Bueno, Alfeu Junior Varela"]
[Result "1-0"]
[Board "56"]
[WhiteFideId "24175471"]
[BlackFideId "2108879"]
[WhiteTitle "FM"]
[BlackTitle "FM"]
[WhiteElo "2864"]
[BlackElo "2461"]
[WhiteTeam "RUS"]
[BlackTeam "BRA"]
[WhiteClock "0:00:29"]
[BlackClock "0:00:02"]
[Variant "Standard"]

1. d4 {[%clk 0:03:00]}  e6 {[%clk 0:02:51]} 2. Nf3 {[%clk 0:03:01]}  f5 {[%clk 0:02:51]} 3. c4 {[%clk 0:03:01]}  b6 {[%clk 0:02:51]} 4. g3 {[%clk 0:03:02]}  Bb7 {[%clk 0:02:52]} 5. Bg2 {[%clk 0:03:03]}  Nf6 {[%clk 0:02:52]} 6. O-O {[%clk 0:03:01]}  Be7 {[%clk 0:02:53]} 7. Nc3 {[%clk 0:03:01]}  Ne4 {[%clk 0:02:53]} 8. Bd2 {[%clk 0:03:01]}  O-O {[%clk 0:02:48]} 9. d5 {[%clk 0:03:00]}  Nxd2 {[%clk 0:02:47]} 10. Qxd2 {[%clk 0:03:00]}  Bf6 {[%clk 0:02:46]} 11. Nd4 {[%clk 0:02:59]}  Qc8 {[%clk 0:02:43]} 12. Rad1 {[%clk 0:02:46]}  Na6 {[%clk 0:02:42]} 13. dxe6 {[%clk 0:02:46]}  Bxg2 {[%clk 0:02:33]} 14. Kxg2 {[%clk 0:02:42]}  dxe6 {[%clk 0:02:32]} 15. Qe3 {[%clk 0:02:41]}  Re8 {[%clk 0:02:27]} 16. Kg1 {[%clk 0:02:38]}  Nc5 {[%clk 0:02:10]} 17. b4 {[%clk 0:02:37]}  Nd7 {[%clk 0:02:07]} 18. Nc6 {[%clk 0:02:35]}  Nb8 {[%clk 0:01:47]} 19. Ne5 {[%clk 0:02:10]}  a6 {[%clk 0:01:37]} 20. a3 {[%clk 0:02:06]}  c5 {[%clk 0:01:22]} 21. b5 {[%clk 0:01:59]}  axb5 {[%clk 0:01:06]} 22. Nxb5 {[%clk 0:02:00]}  Bxe5 {[%clk 0:01:06]} 23. Qxe5 {[%clk 0:02:00]}  Nc6 {[%clk 0:01:06]} 24. Qe3 {[%clk 0:01:53]}  Qb8 {[%clk 0:00:51]} 25. Rd7 {[%clk 0:01:45]}  Qe5 {[%clk 0:00:20]} 26. Qf3 {[%clk 0:01:21]}  Nd4 {[%clk 0:00:17]} 27. Nxd4 {[%clk 0:01:21]}  cxd4 {[%clk 0:00:18]} 28. Rb1 {[%clk 0:01:20]}  Ra6 {[%clk 0:00:09]} 29. Rb5 {[%clk 0:01:11]}  Qf6 {[%clk 0:00:08]} 30. h4 {[%clk 0:01:02]}  e5 {[%clk 0:00:08]} 31. Qd5+ {[%clk 0:00:57]}  Kh8 {[%clk 0:00:08]} 32. Qb7 {[%clk 0:00:49]}  Rxa3 {[%clk 0:00:07]} 33. Rxb6 {[%clk 0:00:49]}  Qf8 {[%clk 0:00:06]} 34. h5 {[%clk 0:00:44]}  h6 {[%clk 0:00:05]} 35. Rg6 {[%clk 0:00:43]}  Rb8 {[%clk 0:00:03]} 36. Qc7 {[%clk 0:00:43]}  Rb1+ {[%clk 0:00:02]} 37. Kh2 {[%clk 0:00:38]}  Raa1 {[%clk 0:00:03]} 38. Rd8 {[%clk 0:00:29]}  Qxd8 {[%clk 0:00:02]} 39. Qxg7# {[%clk 0:00:29]} 1-0

[Event "April 9 Late 2024"]
[Site "Chess.com"]
[Date "2024.04.09"]
[Round "1"]
[White "Zimmermann, Ulrich"]
[Black "Dudin, Gleb"]
[Result "0-1"]
[Board "59"]
[WhiteFideId "24654523"]
[BlackFideId "34184934"]
[WhiteTitle "FM"]
[BlackTitle "GM"]
[WhiteElo "2453"]
[BlackElo "2857"]
[WhiteTeam "GER"]
[BlackTeam "HUN"]
[WhiteClock "0:00:25"]
[BlackClock "0:01:02"]
[Variant "Standard"]

1. Nf3 {[%clk 0:03:00]}  d5 {[%clk 0:02:56]} 2. e3 {[%clk 0:03:01]}  Nf6 {[%clk 0:02:55]} 3. c4 {[%clk 0:03:02]}  c5 {[%clk 0:02:50]} 4. cxd5 {[%clk 0:03:03]}  Nxd5 {[%clk 0:02:50]} 5. b3 {[%clk 0:03:02]}  Nc6 {[%clk 0:02:47]} 6. Bb2 {[%clk 0:03:03]}  a6 {[%clk 0:02:44]} 7. Be2 {[%clk 0:03:03]}  Rg8 {[%clk 0:02:20]} 8. a3 {[%clk 0:02:57]}  g5 {[%clk 0:02:19]} 9. Qc2 {[%clk 0:02:55]}  Rg6 {[%clk 0:01:40]} 10. Qxc5 {[%clk 0:02:25]}  g4 {[%clk 0:01:33]} 11. Nd4 {[%clk 0:02:21]}  e5 {[%clk 0:01:28]} 12. Qc2 {[%clk 0:01:41]}  exd4 {[%clk 0:01:27]} 13. O-O {[%clk 0:01:41]}  Bd6 {[%clk 0:01:21]} 14. g3 {[%clk 0:01:21]}  Qg5 {[%clk 0:01:20]} 15. Bc4 {[%clk 0:01:11]}  Be6 {[%clk 0:01:16]} 16. exd4 {[%clk 0:01:03]}  Rh6 {[%clk 0:01:15]} 17. Re1 {[%clk 0:00:57]}  O-O-O {[%clk 0:01:10]} 18. Bxa6 {[%clk 0:00:54]}  Kb8 {[%clk 0:01:06]} 19. Nc3 {[%clk 0:00:32]}  Qh5 {[%clk 0:01:01]} 20. Ne4 {[%clk 0:00:28]}  Qxh2+ {[%clk 0:01:00]} 21. Kf1 {[%clk 0:00:26]}  Qh1+ {[%clk 0:01:01]} 22. Ke2 {[%clk 0:00:25]}  Qf3+ {[%clk 0:01:02]} 23. Kf1 {[%clk 0:00:25]}  Rh1# {[%clk 0:01:02]} 0-1

[Event "April 9 Late 2024"]
[Site "Chess.com"]
[Date "2024.04.09"]
[Round "1"]
[White "Fieberg, Samuel"]
[Black "Boros, Denes"]
[Result "1-0"]
[Board "61"]
[WhiteFideId "12901717"]
[BlackFideId "722340"]
[WhiteTitle "FM"]
[BlackTitle "GM"]
[WhiteElo "2452"]
[BlackElo "2853"]
[WhiteTeam "GER"]
[BlackTeam "HUN"]
[WhiteClock "0:00:05"]
[BlackClock "0:00:00"]
[Variant "Standard"]

1. e4 {[%clk 0:03:00]}  c5 {[%clk 0:02:58]} 2. Nf3 {[%clk 0:02:59]}  Qa5 {[%clk 0:02:58]} 3. Be2 {[%clk 0:02:55]}  Nf6 {[%clk 0:02:57]} 4. e5 {[%clk 0:02:42]}  Nd5 {[%clk 0:02:57]} 5. O-O {[%clk 0:02:40]}  Nc6 {[%clk 0:02:55]} 6. d3 {[%clk 0:02:30]}  g6 {[%clk 0:02:51]} 7. Bd2 {[%clk 0:02:27]}  Qc7 {[%clk 0:02:47]} 8. c4 {[%clk 0:02:27]}  Nb6 {[%clk 0:02:46]} 9. Bc3 {[%clk 0:02:28]}  Bg7 {[%clk 0:02:45]} 10. e6 {[%clk 0:02:27]}  f6 {[%clk 0:02:42]} 11. exd7+ {[%clk 0:02:25]}  Bxd7 {[%clk 0:02:43]} 12. d4 {[%clk 0:02:19]}  cxd4 {[%clk 0:02:43]} 13. Nxd4 {[%clk 0:02:18]}  a6 {[%clk 0:02:35]} 14. Nxc6 {[%clk 0:02:16]}  Bxc6 {[%clk 0:02:34]} 15. Ba5 {[%clk 0:02:16]}  O-O {[%clk 0:02:21]} 16. Qb3 {[%clk 0:02:05]}  Qe5 {[%clk 0:02:21]} 17. Bxb6 {[%clk 0:01:48]}  Qxe2 {[%clk 0:02:20]} 18. Nc3 {[%clk 0:01:10]}  Qg4 {[%clk 0:02:13]} 19. Nd5 {[%clk 0:01:10]}  Rf7 {[%clk 0:02:02]} 20. h3 {[%clk 0:01:10]}  Qf5 {[%clk 0:01:55]} 21. Rfe1 {[%clk 0:01:01]}  Bf8 {[%clk 0:01:46]} 22. Bc5 {[%clk 0:00:52]}  e6 {[%clk 0:01:35]} 23. Bxf8 {[%clk 0:00:47]}  exd5 {[%clk 0:01:35]} 24. Bd6 {[%clk 0:00:32]}  dxc4 {[%clk 0:01:20]} 25. Qxc4 {[%clk 0:00:33]}  Rd8 {[%clk 0:01:19]} 26. Bg3 {[%clk 0:00:33]}  Kg7 {[%clk 0:01:16]} 27. Rad1 {[%clk 0:00:31]}  Bd5 {[%clk 0:01:11]} 28. Qa4 {[%clk 0:00:28]}  Rfd7 {[%clk 0:01:07]} 29. Rd4 {[%clk 0:00:22]}  g5 {[%clk 0:00:45]} 30. Red1 {[%clk 0:00:22]}  h5 {[%clk 0:00:43]} 31. Qa5 {[%clk 0:00:20]}  Qe6 {[%clk 0:00:41]} 32. Qd2 {[%clk 0:00:18]}  Bc6 {[%clk 0:00:41]} 33. Rxd7+ {[%clk 0:00:18]}  Rxd7 {[%clk 0:00:42]} 34. Qc1 {[%clk 0:00:18]}  Rxd1+ {[%clk 0:00:40]} 35. Qxd1 {[%clk 0:00:19]}  Qxa2 {[%clk 0:00:40]} 36. Qd4 {[%clk 0:00:17]}  Qb1+ {[%clk 0:00:37]} 37. Kh2 {[%clk 0:00:17]}  h4 {[%clk 0:00:37]} 38. Bd6 {[%clk 0:00:17]}  Qf5 {[%clk 0:00:35]} 39. f3 {[%clk 0:00:16]}  Qe6 {[%clk 0:00:35]} 40. Bc7 {[%clk 0:00:15]}  Kg6 {[%clk 0:00:34]} 41. Bb6 {[%clk 0:00:15]}  Bd5 {[%clk 0:00:33]} 42. b4 {[%clk 0:00:15]}  Kf7 {[%clk 0:00:30]} 43. Kg1 {[%clk 0:00:15]}  Ke7 {[%clk 0:00:27]} 44. Bc5+ {[%clk 0:00:15]}  Kd7 {[%clk 0:00:28]} 45. Qc3 {[%clk 0:00:13]}  Qf5 {[%clk 0:00:25]} 46. Bf2 {[%clk 0:00:13]}  Qf4 {[%clk 0:00:24]} 47. Qc5 {[%clk 0:00:10]}  Qe5 {[%clk 0:00:22]} 48. Qc1 {[%clk 0:00:09]}  Qd6 {[%clk 0:00:20]} 49. Qe1 {[%clk 0:00:10]}  Be6 {[%clk 0:00:20]} 50. Qc3 {[%clk 0:00:09]}  Bf5 {[%clk 0:00:19]} 51. Bd4 {[%clk 0:00:10]}  b6 {[%clk 0:00:15]} 52. Bxf6 {[%clk 0:00:08]}  a5 {[%clk 0:00:16]} 53. bxa5 {[%clk 0:00:08]}  bxa5 {[%clk 0:00:17]} 54. Be5 {[%clk 0:00:08]}  Qb6+ {[%clk 0:00:17]} 55. Kh2 {[%clk 0:00:08]}  Be6 {[%clk 0:00:15]} 56. Qd2+ {[%clk 0:00:09]}  Ke8 {[%clk 0:00:14]} 57. Qxg5 {[%clk 0:00:09]}  a4 {[%clk 0:00:13]} 58. Qg6+ {[%clk 0:00:10]}  Kd7 {[%clk 0:00:12]} 59. Qg7+ {[%clk 0:00:10]}  Kc6 {[%clk 0:00:12]} 60. Qe7 {[%clk 0:00:10]}  Bc4 {[%clk 0:00:11]} 61. Qxh4 {[%clk 0:00:09]}  Qc5 {[%clk 0:00:09]} 62. Qe4+ {[%clk 0:00:09]}  Kb5 {[%clk 0:00:09]} 63. Qd4 {[%clk 0:00:09]}  Qc6 {[%clk 0:00:08]} 64. h4 {[%clk 0:00:09]}  a3 {[%clk 0:00:09]} 65. h5 {[%clk 0:00:08]}  a2 {[%clk 0:00:05]} 66. Kh3 {[%clk 0:00:06]}  Qe6+ {[%clk 0:00:05]} 67. g4 {[%clk 0:00:06]}  Bd5 {[%clk 0:00:04]} 68. Kg3 {[%clk 0:00:06]}  Qc6 {[%clk 0:00:04]} 69. Qb2+ {[%clk 0:00:07]}  Ka6 {[%clk 0:00:04]} 70. Qa3+ {[%clk 0:00:07]}  Kb7 {[%clk 0:00:05]} 71. Qb2+ {[%clk 0:00:07]}  Ka6 {[%clk 0:00:05]} 72. Qa3+ {[%clk 0:00:07]}  Kb7 {[%clk 0:00:06]} 73. Qe3 {[%clk 0:00:07]}  Bc4 {[%clk 0:00:04]} 74. h6 {[%clk 0:00:07]}  Qg6 {[%clk 0:00:03]} 75. Qd4 {[%clk 0:00:05]}  Bg8 {[%clk 0:00:00]} 76. Qb4+ {[%clk 0:00:05]} 1-0

[Event "April 9 Late 2024"]
[Site "Chess.com"]
[Date "2024.04.09"]
[Round "1"]
[White "Breuil, Tristan"]
[Black "Schmakel, Sam"]
[Result "0-1"]
[Board "63"]
[WhiteFideId "45163685"]
[BlackFideId "2039311"]
[WhiteTitle "FM"]
[BlackTitle "IM"]
[WhiteElo "2450"]
[BlackElo "2835"]
[WhiteTeam "FRA"]
[BlackTeam "USA"]
[WhiteClock "0:00:10"]
[BlackClock "0:01:17"]
[Variant "Standard"]

1. e4 {[%clk 0:03:00]}  e6 {[%clk 0:02:55]} 2. d4 {[%clk 0:02:59]}  d5 {[%clk 0:02:56]} 3. exd5 {[%clk 0:02:59]}  exd5 {[%clk 0:02:57]} 4. Bd3 {[%clk 0:02:59]}  Bd6 {[%clk 0:02:55]} 5. Qf3 {[%clk 0:02:59]}  Ne7 {[%clk 0:02:51]} 6. Ne2 {[%clk 0:02:58]}  O-O {[%clk 0:02:46]} 7. c3 {[%clk 0:02:58]}  c5 {[%clk 0:02:41]} 8. Bg5 {[%clk 0:02:56]}  Nbc6 {[%clk 0:02:39]} 9. Nd2 {[%clk 0:02:34]}  h6 {[%clk 0:02:35]} 10. Bh4 {[%clk 0:02:25]}  Re8 {[%clk 0:02:19]} 11. O-O {[%clk 0:02:13]}  Be6 {[%clk 0:02:10]} 12. Rfe1 {[%clk 0:01:58]}  Qd7 {[%clk 0:02:09]} 13. h3 {[%clk 0:01:51]}  Nf5 {[%clk 0:01:57]} 14. Bxf5 {[%clk 0:01:04]}  Bxf5 {[%clk 0:01:58]} 15. Nf4 {[%clk 0:01:03]}  cxd4 {[%clk 0:01:50]} 16. Nxd5 {[%clk 0:01:00]}  Ne5 {[%clk 0:01:44]} 17. Qg3 {[%clk 0:00:49]}  Ng6 {[%clk 0:01:38]} 18. Qf3 {[%clk 0:00:28]}  Nxh4 {[%clk 0:01:37]} 19. Qh5 {[%clk 0:00:28]}  Ng6 {[%clk 0:01:32]} 20. Nc4 {[%clk 0:00:29]}  Be6 {[%clk 0:01:24]} 21. Kh1 {[%clk 0:00:18]}  Bf8 {[%clk 0:01:18]} 22. Ne5 {[%clk 0:00:10]}  Qxd5 {[%clk 0:01:17]} 0-1